Institutional structure: constituting state, society, and the individual
| Beteiligte: | |
|---|---|
| Medienart: | Druck Buch |
| Sprache: | Englisch |
| Veröffentlicht: |
Newbury Park, Calif. [u.a.]
Sage Publ.
1987
|
| In: | Jahr: 1987 |
| Online-Zugang: |
Inhaltsverzeichnis Inhaltsverzeichnis Publisher description Table of contents |
| Bestand in Tübingen: | In Tübingen vorhanden. UB: KB 18 A 3390 |
| Verfügbarkeit prüfen: | HBZ Gateway |
| Subito Bestelldienst: | Jetzt bestellen. |
| Schlagwörter: |
MARC
| LEADER | 00000cam a2200000 c 4500 | ||
|---|---|---|---|
| 001 | 025777262 | ||
| 003 | DE-627 | ||
| 005 | 20260206202607.0 | ||
| 007 | tu | ||
| 008 | 880719s1987 xxu||||| 00| ||eng c | ||
| 016 | 7 | |a B8813308 |2 UK | |
| 020 | |a 0803928920 |9 0-8039-2892-0 | ||
| 035 | |a (DE-627)025777262 | ||
| 035 | |a (DE-603)091310881 | ||
| 035 | |a (DE-576)013543431 | ||
| 035 | |a (DE-599)GBV025777262 | ||
| 035 | |a (OCoLC)15489899 | ||
| 035 | |a (OCoLC)15489899 | ||
| 035 | |a (OCoLC)15489899 | ||
| 035 | |a (DE-604)8006942814 | ||
| 040 | |a DE-627 |b ger |c DE-627 |e rakwb | ||
| 041 | |a eng | ||
| 044 | |c XD-US |c XA-GB |c XB-IN | ||
| 050 | 0 | |a JC325 | |
| 082 | 0 | |a 306/.2 |q OCLC | |
| 082 | 0 | |a 306 | |
| 082 | 0 | |a 306.2 | |
| 084 | |a 3,6 |2 ssgn | ||
| 084 | |a MD 4000 |2 rvk |0 (DE-625)rvk/122506: | ||
| 245 | 0 | 0 | |a Institutional structure |b constituting state, society, and the individual |c George M. Thomas ... |
| 264 | 1 | |a Newbury Park, Calif. [u.a.] |b Sage Publ. |c 1987 | |
| 300 | |a 366 S. |b graph. Darst. |c 8° | ||
| 336 | |a Text |b txt |2 rdacontent | ||
| 337 | |a ohne Hilfsmittel zu benutzen |b n |2 rdamedia | ||
| 338 | |a Band |b nc |2 rdacarrier | ||
| 500 | |a Literaturverz. S. 336 - 359 | ||
| 505 | 8 | |a Literaturverz. S. 336 - 559 | |
| 650 | 0 | |a State, The | |
| 650 | 0 | |a Social Structure | |
| 650 | 0 | |a Social institutions | |
| 650 | 0 | 7 | |0 (DE-588)4027207-2 |0 (DE-627)104123451 |0 (DE-576)208969861 |a Institution |g Soziologie |2 gnd |
| 650 | 0 | 7 | |0 (DE-588)4077784-4 |0 (DE-627)106079271 |0 (DE-576)209206268 |a Staatslehre |2 gnd |
| 650 | 4 | |a Staat | |
| 650 | 4 | |a Sozialstruktur | |
| 650 | 4 | |a Institution | |
| 650 | 4 | |a Individuum und Gesellschaft | |
| 650 | 4 | |a Organisation | |
| 650 | 4 | |a Herrschaft | |
| 655 | 7 | |a Aufsatzsammlung |0 (DE-588)4143413-4 |0 (DE-627)105605727 |0 (DE-576)209726091 |2 gnd-content | |
| 689 | 0 | 0 | |d s |0 (DE-588)4056618-3 |0 (DE-627)106154303 |0 (DE-576)209118288 |a Staat |2 gnd |
| 689 | 0 | 1 | |d s |0 (DE-588)4055898-8 |0 (DE-627)106156489 |0 (DE-576)209115831 |a Sozialstruktur |2 gnd |
| 689 | 0 | 2 | |d s |0 (DE-588)4027207-2 |0 (DE-627)104123451 |0 (DE-576)208969861 |a Institution |g Soziologie |2 gnd |
| 689 | 0 | |5 (DE-627) | |
| 689 | 1 | 0 | |d s |0 (DE-588)4056618-3 |0 (DE-627)106154303 |0 (DE-576)209118288 |a Staat |2 gnd |
| 689 | 1 | 1 | |d s |0 (DE-588)4020588-5 |0 (DE-627)106317520 |0 (DE-576)208933956 |a Gesellschaft |2 gnd |
| 689 | 1 | 2 | |d s |0 (DE-588)4026751-9 |0 (DE-627)106287184 |0 (DE-576)20896777X |a Individuum |2 gnd |
| 689 | 1 | |5 (DE-627) | |
| 700 | 1 | |8 1\p |a Thomas, George M. |d 1951- |e Mitarb. |0 (DE-588)170160211 |0 (DE-627)06020575X |0 (DE-576)131066765 |4 oth | |
| 856 | 4 | 2 | |u https://swbplus.bsz-bw.de/bsz013543431inh.htm |m V:DE-576 |v 2004-11-18 |3 Inhaltsverzeichnis |7 1 |
| 856 | 4 | 2 | |u http://scans.hebis.de/HEBCGI/show.pl?09131088_toc.pdf |m V:DE-576 |q application/pdf |3 Inhaltsverzeichnis |7 1 |
| 856 | 4 | 2 | |u http://www.loc.gov/catdir/enhancements/fy0654/87009437-d.html |x Verlag |y Publisher description |7 1 |
| 856 | 4 | 2 | |u http://www.loc.gov/catdir/enhancements/fy0654/87009437-t.html |x Verlag |y Table of contents |7 1 |
| 883 | |8 1\p |a cgwrk |d 20241001 |q DE-101 |u https://d-nb.info/provenance/plan#cgwrk | ||
| 889 | |w (DE-627)273986686 | ||
| 935 | |i Blocktest | ||
| 935 | |h HEB |i 0501 | ||
| 935 | |h HEB |i 0503 | ||
| 936 | r | v | |a MD 4000 |b Staat (Theorie, Staatslehre) |k Politologie |k Politische Theorie, Grundbegriffe des Politischen |k Staatstheorie |k Staat (Theorie, Staatslehre) |0 (DE-627)1271119358 |0 (DE-625)rvk/122506: |0 (DE-576)201119358 |
| 936 | s | n | |a m100 |2 mzub |
| 936 | s | n | |a m200 |2 mzub |
| 951 | |a BO | ||
| ELC | |b 1 | ||
| LOK | |0 000 xxxxxcx a22 zn 4500 | ||
| LOK | |0 001 3280191858 | ||
| LOK | |0 003 DE-627 | ||
| LOK | |0 004 025777262 | ||
| LOK | |0 005 20151023145656 | ||
| LOK | |0 008 880307||||||||||||||||ger||||||| | ||
| LOK | |0 040 |a DE-21 |c DE-627 |d DE-21 | ||
| LOK | |0 852 |a DE-21 | ||
| LOK | |0 852 1 |c KB 18 A 3390 |9 00 | ||
| LOK | |0 935 |a krim | ||
| LOK | |0 939 |a 07-03-88 |b l01 | ||
| ORI | |a SA-MARC-krimdoka001.raw | ||
| SIG | |a UB: KB 18 A 3390 | ||
